000
00255nam a22001097a 4500
082
_a
671.52 ROS'W
100
_a
ROSSI, BONIFACE E
_9
56793
245
_a
WELDING AND ITS APPLICATIONS
260
_a
NEWYORK
_b
MCGRAW HILL
_c
1941
300
_a
343P
942
_c
BK
999
_c
567138
_d
567138